000 00524nam a2200181Ia 4500
003 IN-BaIIA
008 211028s9999 xx 000 0 eng d
020 _a81-208-1256-X
040 _cIIA Library
080 _a92:52
_bSHA
100 _aSharma, V. N
_919712
245 0 _aSawai Jai Singh and his astronomy
_cV. N Sharma
260 _aDelhi
_bMotilal Banarsidass
_c1995
300 _axvi, 347p.
650 _aAstronomy
_980
650 _aSawai Jai Singh
_919713
942 _cBK
999 _c11446
_d11446